|
|
|
|
| LEADER |
00991nam a22002532a 4500 |
| 001 |
000974258 |
| 003 |
CZ BrMZK |
| 005 |
20241030074144.0 |
| 007 |
ta |
| 008 |
091030s1986 xr o er|||||||||||cze d |
| 035 |
|
|
|a (OCoLC)39417220
|
| 040 |
|
|
|a ABA001
|b cze
|d ABA001
|
| 080 |
9 |
|
|a 75.(437)"19":92 Kristin
|
| 100 |
1 |
|
|a Kristin, Vladimír,
|d 1894-1970
|7 jk01063353
|4 aut
|4 ill
|
| 245 |
1 |
0 |
|a Vladimír Kristin :
|b obrazy : [katalog výstavy] : Dům pánů z Kunštátu, 11. 11.-7. 12. 1986 /
|c úvod Eva Trnková ; grafická úprava Jiří Stejskal
|
| 260 |
|
|
|a Brno :
|b Dům umění města Brna ;
|c 1986
|
| 300 |
|
|
|a [8] s. :
|b fot. ;
|c 20 cm
|
| 500 |
|
|
|a Životopisné údaje
|
| 600 |
1 |
7 |
|a Kristin, Vladimír,
|d 1894-1970
|7 jk01063353
|2 czenas
|
| 655 |
|
7 |
|a katalogy výstav
|7 fd132536
|2 czenas
|
| 700 |
1 |
|
|a Trnková, Eva,
|d 1937-
|7 jx20031130147
|4 wfw
|
| 910 |
|
|
|a BOA001
|b X-0911.911
|
| 990 |
|
|
|a BK
|
| 996 |
6 |
|
|b 2610983758
|c X-0911.911
|l MZK
|r Sklad / do 24 hodin
|n 0
|p dar
|w 000974258
|u 000020
|a 1
|e BOA001
|j MZK50
|s P
|